| 000 | 00956nam a2200241 a 4500 | ||
|---|---|---|---|
| 001 | 41727 | ||
| 003 | BD-RjUL | ||
| 005 | 20211209053435.0 | ||
| 008 | 160605s1978 ii ||||| |||| 00| 0 ben d | ||
| 020 | _c: IRs.25.00 | ||
| 035 | _a(BD-RjUL)41845 | ||
| 040 |
_aBD-RjUL _bben _cBD-RjUL |
||
| 041 | _aben | ||
| 082 |
_223 _a891.4409 _bBAM 1978 |
||
| 100 |
_aবসু, নিতাই _9126845 |
||
| 245 | 1 | 0 |
_aমানিক বন্দ্যোপাধ্যায়ের সমাজ জিজ্ঞাসা / _cনিতাই বসু |
| 260 |
_aকলকাতা : _bসঞ্জয় প্রকাশন, _c১৯৭৮ |
||
| 300 |
_a[১৪], ৩৩১ পৃ. : _bচিত্র ; _c২১ সেমি. |
||
| 500 | _aপরিশিষ্ট | ||
| 650 |
_aবাংলা সাহিত্য _vইতিহাস ও সমালোচনা _9117445 |
||
| 650 |
_aBengali literature _vHistory and Criticism _9128181 |
||
| 942 |
_2ddc _cBK |
||
| 999 |
_c41727 _d41727 |
||